| 000 | 03975ngm a22004815a 4500 | ||
|---|---|---|---|
| 005 | 20161122100054.0 | ||
| 007 | vd bvaizu | ||
| 008 | 161105s2010 ua 110 g |||| 0| vzara d | ||
| 024 | _aت.ر20/2/5 - ت.ع13/2/2010 | ||
| 028 |
_aت.ر20/2/5 - ت.ع13/2/2010 _bشركة القاهرة للإنتاج السينمائي |
||
| 040 |
_aEG-ScBUE _cara _dEG-ScBUE |
||
| 041 | _hara | ||
| 082 | 0 | 4 |
_a791.4372 _bز و ج _222 |
| 245 | 0 | 2 |
_aالزوجة الثانية _h[تسجيل مرئي] / _cشركة القاهرة للإنتاج السينمائي ؛ قصة أحمد رشدي صالح ؛ سيناريو محمد مصطفى سامي، سعد الدين وهبه، صلاح أبو سيف ؛ حوار محمد مصطفى سامي ؛ إخراج صلاح أبو سيف. |
| 260 |
_aالقاهرة : _bالسبكي فيلم، _c2010. |
||
| 300 |
_a1 قرص مرئي (110 دق.) : _bأبيض وأسود ؛ _c4 3/4 بو. |
||
| 500 | _aالزوجة الثانية فيلم مصري درامي من إنتاج سنة 1967. | ||
| 508 | _aقصة، أحمد رشدي صالح ؛ سيناريو، محمد مصطفى سامي، سعد الدين وهبه، صلاح أبو سيف ؛ حوار، محمد مصطفى سامي ؛ التعليق وكلمات الأغنية، صلاح جاهين ؛ تلحين الأغنية، سيد مكاوي ؛ مساعد مخرج، أنور الشناوي ؛ المصور، محسن نصر ؛ مونتاج، سعيد الشيخ ؛ الرسوم المتحركة، عبد العليم زكي ؛ الموسيقى التصويرية، فؤاد الظاهري ؛ المنتج، رمسيس نجيب ؛ إخراج صلاح أبو سيف. | ||
| 511 | _aسعاد حسني، شكري سرحان، صلاح منصور، سناء جميل، عبد المنعم إبراهيم، حسن البارودي، سهير المرشدي، محمد نوح، نعيمة الصغير، إبراهيم الشامي، إسكندر منسي، عبد الغني النجدي، محمد إدريس، حسام الدين صالح، أحمد سامي، رضوان حافظ، عبد العظيم كامل، نبيل الشاذلي، فتحية علي، سامي عطايا، عزيزة بدر، عاطف مكرم. | ||
| 520 | _aتمر عشرون عاما على زواج العمدة الجشع عثمان وزوجته رقية دون أن ينجبا ويتشوق طوالها لطفل يحمل اسمه، يتزوج من فاطمة بعد أن يجبر زوجها على طلاقها ولكنه لا يستطيع أن ينال منها شيئا، يصاب بشلل عندما يفاجئ أنها حامل إذ أنها ما تزال على علاقة بزوجها، وعندما تنجب فاطمة لا يتحمل العمدة الصدمة فيموت. | ||
| 538 | _aقرص مرئي (DVD) | ||
| 546 | _aالفيلم باللغة العربية العربية. | ||
| 650 | 0 |
_aالأفلام السينمائية _zمصر _y1970-1999. _2BUEsh |
|
| 650 | 0 |
_aالأفلام الدرامية. _2BUEsh |
|
| 653 |
_bGGEN _cNovember2016 |
||
| 655 | 0 |
_aدراما. _2BUEsh |
|
| 700 | 1 |
_aصالح، أحمد رشدي، _eالراوي. |
|
| 700 | 1 |
_aسامي، محمد مصطفى، _eسيناريست. |
|
| 700 | 1 |
_aوهبه، سعد الدين، _eسيناريست. |
|
| 700 | 1 |
_aأبو سيف، صلاح، _eمخرج، _eسيناريست. |
|
| 700 | 1 |
_aنجيب، رمسيس، _eمنتج. |
|
| 700 | 1 |
_aحسني، سعاد، _eممثل. |
|
| 700 | 1 |
_aسرحان، شكري، _eممثل. |
|
| 700 | 1 |
_aمنصور، صلاح، _eممثل. |
|
| 700 | 1 |
_aجميل، سناء، _eممثل. |
|
| 700 | 1 |
_aإبراهيم، عبد المنعم، _eممثل. _941121 |
|
| 700 | 1 |
_aبارودي، حسن، _eممثل. _916402 |
|
| 700 | 1 |
_aمرشدي، سهير، _eممثل. |
|
| 700 | 1 |
_a نوح، محمد، _eممثل. |
|
| 700 | 1 |
_aشامي، إبراهيم، _eممثل. |
|
| 710 | 2 | _aشركة القاهرة للإنتاج السينمائي. | |
| 942 |
_2ddc _cDVD |
||
| 999 |
_c23026 _d22998 |
||